<?xml version="1.0" encoding="UTF-8"?>
<record
    xmlns:xsi="http://www.w3.org/2001/XMLSchema-instance"
    xsi:schemaLocation="http://www.loc.gov/MARC21/slim http://www.loc.gov/standards/marcxml/schema/MARC21slim.xsd"
    xmlns="http://www.loc.gov/MARC21/slim">

  <leader>01059nam a22001817a 4500</leader>
  <controlfield tag="008">110927t        xxu||||| |||| 00| 0 eng d</controlfield>
  <datafield tag="020" ind1=" " ind2=" ">
    <subfield code="a"> 0070241813 9780070241817</subfield>
  </datafield>
  <datafield tag="050" ind1=" " ind2=" ">
    <subfield code="a">D22 .G72</subfield>
  </datafield>
  <datafield tag="100" ind1=" " ind2=" ">
    <subfield code="a"> Goucher, Candice L.</subfield>
  </datafield>
  <datafield tag="245" ind1=" " ind2=" ">
    <subfield code="a">Study guide to accompany in the balance : themes in global history vol. I /</subfield>
    <subfield code="c">Candice L. Goucher, Charles A. Le Guin, Linda A. Walton.</subfield>
  </datafield>
  <datafield tag="260" ind1=" " ind2=" ">
    <subfield code="a">Boston, Mass. : </subfield>
    <subfield code="b">McGraw-Hill, </subfield>
    <subfield code="c">&#xA9;1998-</subfield>
  </datafield>
  <datafield tag="300" ind1=" " ind2=" ">
    <subfield code="a">xx,461 p. : </subfield>
    <subfield code="b">ill. (some col.), col. maps ;</subfield>
    <subfield code="c">24 cm.</subfield>
  </datafield>
  <datafield tag="505" ind1=" " ind2=" ">
    <subfield code="a">Contents: Emergence: World history and human origins -- Changing environments, changing societies -- Settled societies --  Order: Ideas and power: Goddesses, God-Kings and sages -- Religion and state: Buddhissm, christianity, and islam -- Trade, transport, temples and tribute: The Economics of power -- Ties that bind: Lienage, clientage and caste -- Ordering the world: Family and household -- Culture and memory -- Connections. </subfield>
  </datafield>
  <datafield tag="650" ind1=" " ind2=" ">
    <subfield code="a">World history. </subfield>
  </datafield>
  <datafield tag="700" ind1=" " ind2=" ">
    <subfield code="a"> Le Guin, Charles A.</subfield>
  </datafield>
  <datafield tag="700" ind1=" " ind2=" ">
    <subfield code="a">Walton, Linda A. </subfield>
  </datafield>
  <datafield tag="942" ind1=" " ind2=" ">
    <subfield code="2">lcc</subfield>
    <subfield code="c">BK</subfield>
  </datafield>
  <datafield tag="999" ind1=" " ind2=" ">
    <subfield code="c">164</subfield>
    <subfield code="d">7664</subfield>
  </datafield>
  <datafield tag="952" ind1=" " ind2=" ">
    <subfield code="0">0</subfield>
    <subfield code="1">0</subfield>
    <subfield code="2">lcc</subfield>
    <subfield code="4">0</subfield>
    <subfield code="7">0</subfield>
    <subfield code="a">WIUC-1</subfield>
    <subfield code="b">WIUC-1</subfield>
    <subfield code="c">GEN</subfield>
    <subfield code="d">2011-10-11</subfield>
    <subfield code="l">0</subfield>
    <subfield code="o">D22 .G72</subfield>
    <subfield code="p">406/11</subfield>
    <subfield code="r">2011-10-11 00:00:00</subfield>
    <subfield code="t">1</subfield>
    <subfield code="w">2011-10-11</subfield>
    <subfield code="y">BK</subfield>
  </datafield>
  <datafield tag="952" ind1=" " ind2=" ">
    <subfield code="0">0</subfield>
    <subfield code="1">0</subfield>
    <subfield code="2">lcc</subfield>
    <subfield code="4">0</subfield>
    <subfield code="7">0</subfield>
    <subfield code="a">WIUC-1</subfield>
    <subfield code="b">WIUC-1</subfield>
    <subfield code="c">GEN</subfield>
    <subfield code="d">2011-10-11</subfield>
    <subfield code="l">0</subfield>
    <subfield code="o">D22 .G721</subfield>
    <subfield code="p">407/11</subfield>
    <subfield code="r">2011-10-11 00:00:00</subfield>
    <subfield code="t">2</subfield>
    <subfield code="w">2011-10-11</subfield>
    <subfield code="y">BK</subfield>
  </datafield>
  <datafield tag="952" ind1=" " ind2=" ">
    <subfield code="0">0</subfield>
    <subfield code="1">0</subfield>
    <subfield code="2">lcc</subfield>
    <subfield code="4">0</subfield>
    <subfield code="7">0</subfield>
    <subfield code="a">WIUC-1</subfield>
    <subfield code="b">WIUC-1</subfield>
    <subfield code="c">GEN</subfield>
    <subfield code="d">2011-10-11</subfield>
    <subfield code="l">0</subfield>
    <subfield code="o">D22 .G722</subfield>
    <subfield code="p">408/11</subfield>
    <subfield code="r">2011-10-11 00:00:00</subfield>
    <subfield code="t">3</subfield>
    <subfield code="w">2011-10-11</subfield>
    <subfield code="y">BK</subfield>
  </datafield>
  <datafield tag="952" ind1=" " ind2=" ">
    <subfield code="0">0</subfield>
    <subfield code="1">0</subfield>
    <subfield code="2">lcc</subfield>
    <subfield code="4">0</subfield>
    <subfield code="7">0</subfield>
    <subfield code="a">WIUC-1</subfield>
    <subfield code="b">WIUC-1</subfield>
    <subfield code="c">GEN</subfield>
    <subfield code="d">2011-10-11</subfield>
    <subfield code="l">0</subfield>
    <subfield code="o">D22 .G723</subfield>
    <subfield code="p">409/11</subfield>
    <subfield code="r">2011-10-11 00:00:00</subfield>
    <subfield code="t">4</subfield>
    <subfield code="w">2011-10-11</subfield>
    <subfield code="y">BK</subfield>
  </datafield>
  <datafield tag="952" ind1=" " ind2=" ">
    <subfield code="0">0</subfield>
    <subfield code="1">0</subfield>
    <subfield code="2">lcc</subfield>
    <subfield code="4">0</subfield>
    <subfield code="7">0</subfield>
    <subfield code="a">WIUC-1</subfield>
    <subfield code="b">WIUC-1</subfield>
    <subfield code="c">GEN</subfield>
    <subfield code="d">2011-10-11</subfield>
    <subfield code="l">0</subfield>
    <subfield code="o">D22 .G724</subfield>
    <subfield code="p">410/11</subfield>
    <subfield code="r">2011-10-11 00:00:00</subfield>
    <subfield code="t">5</subfield>
    <subfield code="w">2011-10-11</subfield>
    <subfield code="y">BK</subfield>
  </datafield>
</record>
